000 00589nam a2200229 a 4500
001 64193
003 BD-RjUL
005 20211209081300.0
008 170211s1966 xxu||||| |||| 001 0 eng d
035 _a(BD-RjUL)64323
040 _aBD-RjUL
_beng
_cBD-RjUL
_dBD-RjUL
041 _aeng
082 _223
_a951
_bKUC 1966
100 _aKuo, Ping-chia
_9190627
245 1 0 _aChina /
_cPing-chia Kuo
250 _a2nd ed.
260 _aLondon :
_bOxford U.P,
_cc1965 [reprinted 1966]
300 _a128 p. ;
_c24 cm.
500 _aInclude index
650 _aChina
_9190181
942 _2ddc
_cBK
999 _c64193
_d64193